000 00528nam a2200169 4500
001 131741
003 ES-MaACL
005 20230906194034.0
007 t|
008 070214s1944 sp r ||||1| spa d
100 1 _aRoempp, Hermann.
_998907
245 1 0 _aQuímica de los metales /
_cHermann Roempp ; versión española de Antonio Fernández Díez.
260 _aBarcelona :
_bEd. Ars,
_c1944.
300 _a352 p., 16 lám. ;
_c23 cm.
700 1 _aFernández Díez, Antonio.
_949743
852 _aES-MaACL
_jF-15894
_bR.20607
999 _c131741
_d131741